000 00361pab a2200145 454500
008 180718b1998 xxu||||| |||| 00| 0 eng d
100 _aRamaswamy, P.R.
245 _aA proposal for TQM in government
260 _c1998
300 _ap.15-24
362 _aApr-Jun
650 _aTotal quality management
773 _aManagement in Government
909 _a39639
999 _c39639
_d39639